| 000 | 00537nam a2200121Ia 4500 | ||
|---|---|---|---|
| 008 | 170221s9999 xx 000 0 und d | ||
| 100 | _aSvetlana S. Nosova | ||
| 245 | _aNew Management Model of Modern Russian Economy: Regional Aspect | ||
| 245 | _cSvetlana S. Nosova, Ivan D. Mackulyak, Svetlana V. Lyubimtseva, Pulat F. Askerov, Leonid I. Shkalaberda, Ul’vi Takhirogly Aliev | ||
| 260 | _bInternational Review of Management and Marketing | ||
| 650 | _xMarketing. | ||
| 856 | _uhttp://www.econjournals.com/index.php/irmm/issue/view/86 | ||
| 999 |
_c314092 _d314092 |
||